000
00296nam a2200109Ia 4500
008
240624s9999 xx 000 0 und d
041
_a
eng
082
_a
658.4092 VAR
100
_a
VARGHESE SANGEETH
245
_a
DECIDE TO LEAD 9 DECISIONS THAT CAN MAKE
260
_a
Exch.true leader
_b
Businessworld
999
_c
14049
_d
14049